[Event "Prva liga Centralne Srbije 2010"]
[Site "Valjevo"]
[Date "2010.09.20"]
[Round "3.1"]
[White "Markovic, Zoran S"]
[Black "Szabo, Gergely-Andras-Gyula"]
[Result "1/2-1/2"]
[WhiteElo "2343"]
[BlackElo "2552"]
[PlyCount "33"]
[EventDate "2010.09.18"]

1. e4 c5 2. Nf3 d6 3. d4 cxd4 4. Nxd4 Nf6 5. Nc3 a6 6. Be2 Nbd7 7. Be3 e6 8. f3
Qc7 9. g4 h6 10. Qd2 b5 11. a3 Bb7 12. O-O-O d5 13. exd5 Nxd5 14. Nxd5 Bxd5 15.
Rhe1 Rc8 16. Kb1 Bc5 17. Nf5 1/2-1/2

[Event "Prva liga Centralne Srbije 2010"]
[Site "Valjevo"]
[Date "2010.09.20"]
[Round "3.1"]
[White "Boskovic, Drasko"]
[Black "Nestorovic, Dejan"]
[Result "1/2-1/2"]
[WhiteElo "2417"]
[BlackElo "2414"]
[PlyCount "26"]
[EventDate "2010.09.18"]

1. d4 Nf6 2. Bg5 e6 3. Nd2 h6 4. Bh4 d5 5. e3 Be7 6. Ngf3 O-O 7. Bd3 c5 8. c3
b6 9. Ne5 Nfd7 10. Nxd7 Nxd7 11. Bg3 Bb7 12. O-O c4 13. Bc2 f5 1/2-1/2

[Event "Prva liga Centralne Srbije 2010"]
[Site "Valjevo"]
[Date "2010.09.20"]
[Round "3.1"]
[White "Lapcevic, Milos"]
[Black "Stankovic, Milos"]
[Result "1/2-1/2"]
[WhiteElo "2421"]
[BlackElo "2315"]
[PlyCount "35"]
[EventDate "2010.09.18"]

1. b3 c5 2. Bb2 b6 3. f4 Nf6 4. Nf3 Bb7 5. e3 e6 6. Be2 Be7 7. O-O O-O 8. d3
Nc6 9. Re1 d5 10. Nbd2 Qc7 11. g3 Rad8 12. Ne5 d4 13. Nxc6 Bxc6 14. e4 b5 15.
Bf3 Nd7 16. Qe2 e5 17. f5 Nb6 18. Nf1 1/2-1/2

[Event "Prva liga Centralne Srbije 2010"]
[Site "Valjevo"]
[Date "2010.09.20"]
[Round "3.1"]
[White "Krstic, Petar"]
[Black "Prelevic, Dusko"]
[Result "1/2-1/2"]
[WhiteElo "2347"]
[BlackElo "2342"]
[PlyCount "53"]
[EventDate "2010.09.18"]

1. e4 d5 2. exd5 Qxd5 3. Nc3 Qd6 4. g3 Nf6 5. Bg2 c6 6. Nge2 g6 7. d3 Bg7 8.
O-O O-O 9. Rb1 Nbd7 10. b4 Nb6 11. Bf4 e5 12. Bd2 Nbd5 13. b5 c5 14. Nxd5 Nxd5
15. Nc3 Nxc3 16. Bxc3 Rb8 17. Re1 Bd7 18. Qe2 Rfe8 19. Ba1 b6 20. c4 Rbd8 21.
Rbd1 Bf5 22. Bd5 Be6 23. Bc6 Bd7 24. Bg2 Bf5 25. Bd5 Be6 26. Bc6 Bd7 27. Bg2
1/2-1/2

[Event "Prva liga Centralne Srbije 2010"]
[Site "Valjevo"]
[Date "2010.09.20"]
[Round "3.1"]
[White "Organdziev, Oliver"]
[Black "Misailovic, Nebojsa"]
[Result "1-0"]
[WhiteElo "2321"]
[BlackElo "2303"]
[PlyCount "111"]
[EventDate "2010.09.18"]

1. e4 c5 2. Nf3 d6 3. Bb5+ Nd7 4. c3 Ngf6 5. Qe2 a6 6. Ba4 b5 7. Bc2 Bb7 8. d3
Rc8 9. O-O g6 10. a4 bxa4 11. Bg5 Bg7 12. Bxa4 O-O 13. Na3 h6 14. Bd2 Qc7 15.
h3 Nb6 16. Bb3 c4 17. Bc2 d5 18. exd5 Nfxd5 19. Nxc4 Nxc4 20. dxc4 Nf4 21. Bxf4
Qxf4 22. Nd2 f5 23. Qe3 Qc7 24. f4 Rce8 25. Ba4 Rb8 26. c5 Bd5 27. b4 e5 28.
Bb3 Bxb3 29. Nxb3 Qf7 30. Na5 exf4 31. Qf3 Rbe8 32. Rae1 g5 33. c6 Qa7+ 34. Kh1
Re3 35. Qd5+ Qf7 36. Qxf7+ Rxf7 37. c4 Bc3 38. Rb1 Rc7 39. Rfd1 Kf7 40. Nb7
Ree7 41. b5 axb5 42. cxb5 Rxb7 43. cxb7 Rxb7 44. b6 g4 45. Rbc1 Be5 46. Rc6 h5
47. Kg1 Ke7 48. Rh6 Bg7 49. Rc6 Be5 50. Kf1 f3 51. gxf3 gxh3 52. Re1 Kd7 53.
Rh6 h2 54. Kg2 Bd6 55. Rh7+ Kc6 56. Rc1+ 1-0

[Event "Prva liga Centralne Srbije 2010"]
[Site "Valjevo"]
[Date "2010.09.20"]
[Round "3.1"]
[White "Civric, Zdravko"]
[Black "Andrejic, Vladica"]
[Result "1/2-1/2"]
[WhiteElo "2204"]
[BlackElo "2163"]
[PlyCount "23"]
[EventDate "2010.09.18"]

1. e4 d5 2. exd5 Nf6 3. d4 Bg4 4. Nf3 Qxd5 5. Be2 Nc6 6. c4 Qd7 7. Be3 e6 8.
Nbd2 Bf5 9. h3 Be7 10. O-O O-O 11. Rc1 Rfd8 12. Qb3 1/2-1/2

[Event "Prva liga Centralne Srbije 2010"]
[Site "Valjevo"]
[Date "2010.09.20"]
[Round "3.2"]
[White "Radovanovic, Jovica"]
[Black "Djukic, Zeljko"]
[Result "1/2-1/2"]
[WhiteElo "2305"]
[BlackElo "2382"]
[PlyCount "89"]
[EventDate "2010.09.18"]

1. Nf3 Nf6 2. g3 d5 3. Bg2 c6 4. O-O Bf5 5. c4 e6 6. cxd5 exd5 7. d3 Bc5 8. Qc2
Nbd7 9. Nc3 h6 10. e4 dxe4 11. dxe4 Bh7 12. Nh4 O-O 13. b3 Re8 14. Bb2 b5 15.
Rad1 Qb6 16. Nf5 Bxf5 17. exf5 Re7 18. Ne2 Rae8 19. Nf4 Ne5 20. Ne6 fxe6 21.
Bxe5 Ng4 22. Bd6 Bxd6 23. Rxd6 Ne5 24. f6 gxf6 25. Rfd1 Kg7 26. R1d4 Rc7 27.
Kf1 Ree7 28. Bh3 Rcd7 29. Rxd7 Rxd7 30. Rxd7+ Nxd7 31. Bxe6 Ne5 32. Qd1 c5 33.
Qd5 Qc6 34. f4 Qxd5 35. Bxd5 Nf7 36. Ke2 f5 37. Ke3 Nd6 38. h3 h5 39. Bf3 Kg6
40. Kd3 b4 41. Bc6 a5 42. Bf3 Kh6 43. Bd5 Kg6 44. Bf3 Kh6 45. Bd5 1/2-1/2

[Event "Prva liga Centralne Srbije 2010"]
[Site "Valjevo"]
[Date "2010.09.20"]
[Round "3.2"]
[White "Andonov, Bogomil"]
[Black "Pantelic, Sasa"]
[Result "1/2-1/2"]
[WhiteElo "2304"]
[BlackElo "2359"]
[PlyCount "73"]
[EventDate "2010.09.18"]

1. d4 Nf6 2. c4 g6 3. Nc3 Bg7 4. e4 d6 5. h3 O-O 6. Nf3 Nbd7 7. Bg5 c5 8. d5 a6
9. a4 h6 10. Be3 Qa5 11. Bd3 Ne5 12. Nxe5 dxe5 13. Qd2 Kh7 14. g4 e6 15. f3 Ne8
16. dxe6 fxe6 17. Kf2 Bd7 18. Kg2 Qc7 19. a5 Nd6 20. Rhd1 Nf7 21. Bc2 Rfd8 22.
Qf2 Rac8 23. Ba4 Bf8 24. Bxd7 Rxd7 25. Rxd7 Qxd7 26. Na4 Qc7 27. Nb6 Rd8 28.
Qc2 Be7 29. Rd1 Kg7 30. Rxd8 Nxd8 31. Qd2 g5 32. h4 Kg6 33. hxg5 hxg5 34. Qe1
Nc6 35. Bd2 Qd8 36. Bc3 Nd4 37. Qh1 1/2-1/2

[Event "Prva liga Centralne Srbije 2010"]
[Site "Valjevo"]
[Date "2010.09.20"]
[Round "3.2"]
[White "Misojcic, Miroslav"]
[Black "Mitrovic, Darko R"]
[Result "0-1"]
[WhiteElo "2248"]
[BlackElo "2342"]
[PlyCount "84"]
[EventDate "2010.09.18"]

1. d4 Nf6 2. c4 e6 3. Nc3 Bb4 4. e3 O-O 5. Bd3 Bxc3+ 6. bxc3 d6 7. Nf3 Qe7 8.
Qc2 e5 9. Ng5 h6 10. Ne4 Nxe4 11. Bxe4 f5 12. Bd3 f4 13. f3 fxe3 14. O-O Nc6
15. d5 Na5 16. Bxe3 b6 17. f4 e4 18. Bxe4 Bf5 19. Bxf5 Qxe3+ 20. Kh1 Nxc4 21.
Rae1 Qc5 22. Qd3 Rae8 23. Rxe8 Rxe8 24. Be6+ Kh8 25. Qg6 Rf8 26. Bf5 Rxf5 27.
Qxf5 Ne3 28. Qc8+ Kh7 29. Rg1 Qxc3 30. Qe6 Qd3 31. Re1 Nxd5 32. Qe4+ Qxe4 33.
Rxe4 Kg6 34. g3 Kf7 35. Kg2 b5 36. Kf3 a5 37. g4 b4 38. Rd4 Nc3 39. Rd2 d5 40.
f5 c5 41. Kf4 a4 42. h4 a3 0-1

[Event "Prva liga Centralne Srbije 2010"]
[Site "Valjevo"]
[Date "2010.09.20"]
[Round "3.2"]
[White "Djokic, Vladan"]
[Black "Urosevic, Zoran"]
[Result "0-1"]
[WhiteElo "2279"]
[BlackElo "2255"]
[PlyCount "130"]
[EventDate "2010.09.18"]

1. e4 c5 2. Nf3 d6 3. d4 cxd4 4. Nxd4 Nf6 5. Nc3 a6 6. Be2 e5 7. Nb3 Be7 8. Be3
O-O 9. O-O Be6 10. Nd5 Bxd5 11. exd5 Nbd7 12. c4 b6 13. f4 Ne4 14. Nd2 Nxd2 15.
Qxd2 Bf6 16. f5 h6 17. Rf3 Bg5 18. Bxg5 Qxg5 19. Qe1 e4 20. Rg3 Qf6 21. Qc3
Rfe8 22. Qxf6 Nxf6 23. Ra3 h5 24. h3 h4 25. Rf1 Re5 26. Rf4 Kf8 27. Kf2 Ke7 28.
Ke3 b5 29. Kd4 a5 30. Rb3 Rb8 31. a3 b4 32. Bd1 bxa3 33. bxa3 Rxb3 34. Bxb3 e3
35. Rf1 Rxf5 36. Rxf5 e2 37. Rf3 e1=Q 38. Re3+ Qxe3+ 39. Kxe3 g5 40. Kd4 Nd7
41. Bc2 Nc5 42. Bf5 Kf6 43. Bh7 g4 44. Bc2 Kg5 45. Ke3 f5 46. Bb1 g3 47. Kd4
Kf4 48. Bc2 Kg5 49. Bb1 Kf6 50. Bc2 Nd7 51. Bd3 Nc5 52. Bc2 a4 53. Bd1 Nb3+ 54.
Kc3 f4 55. Kb4 Nc5 56. Kb5 Ke7 57. Kc6 Nd3 58. Kc7 Ne5 59. c5 dxc5 60. d6+ Ke6
61. Bxa4 f3 62. Bc6 fxg2 63. Bxg2 c4 64. Bf1 c3 65. Bc4+ Kf6 0-1

[Event "Prva liga Centralne Srbije 2010"]
[Site "Valjevo"]
[Date "2010.09.20"]
[Round "3.2"]
[White "Micic, Nenad"]
[Black "Kostic, Nebojsa"]
[Result "0-1"]
[WhiteElo "2257"]
[BlackElo "2338"]
[PlyCount "106"]
[EventDate "2010.09.18"]

1. Nf3 d5 2. d4 c5 3. c4 dxc4 4. d5 Nf6 5. Nc3 Qa5 6. g3 e6 7. dxe6 Bxe6 8. Bg2
Nc6 9. O-O Rd8 10. Bd2 h6 11. Qc2 Qa6 12. a4 Be7 13. Nb5 Qb6 14. Bf4 Nb4 15.
Qc1 Nbd5 16. Ne5 Nxf4 17. gxf4 a6 18. Na3 O-O 19. Naxc4 Qc7 20. a5 Nd7 21. Nd3
Nf6 22. Nde5 Bd5 23. f3 Bxc4 24. Nxc4 Nd5 25. e3 Bf6 26. Kh1 Rfe8 27. Bh3 g6
28. Rg1 Kh7 29. Ra3 Nb4 30. Qb1 Re7 31. Bf5 Bg7 32. Be4 f5 33. Bc2 Qc6 34. Kg2
Rde8 35. Ba4 Qe6 36. Qc1 Rd8 37. Rd1 Rxd1 38. Bxd1 Bf6 39. Be2 Nd5 40. Bf1 Nb4
41. Qb1 Rd7 42. e4 Bd4 43. Nb6 Rg7 44. h4 Qf6 45. Qe1 Nc2 46. Qg3 Nxa3 47. bxa3
c4 48. Nxc4 Qc6 49. Qe1 g5 50. fxg5 hxg5 51. h5 g4 52. Bd3 Qh6 53. Qh1 Qf4 0-1

[Event "Prva liga Centralne Srbije 2010"]
[Site "Valjevo"]
[Date "2010.09.20"]
[Round "3.2"]
[White "Stankovic, Dejan"]
[Black "Lazic, Zeljko"]
[Result "1-0"]
[WhiteElo "2240"]
[BlackElo "2183"]
[PlyCount "71"]
[EventDate "2010.09.18"]

1. e4 g6 2. d4 Bg7 3. Nc3 d6 4. Be3 a6 5. f4 b5 6. Nf3 Bb7 7. Bd3 Nd7 8. Ne2 c5
9. c3 Ngf6 10. Ng3 O-O 11. h3 Qc7 12. O-O Nb6 13. Rc1 e6 14. Qe2 Rac8 15. e5
Nfd5 16. exd6 Qd8 17. dxc5 Nxe3 18. Qxe3 Nd5 19. Qf2 Nxf4 20. Bb1 Nd5 21. Rcd1
Bh6 22. Rfe1 Bf4 23. Ne4 f5 24. Ned2 Qf6 25. Nb3 g5 26. Nfd4 Be5 27. Nf3 Bf4
28. Nbd4 Rce8 29. g3 g4 30. gxf4 Nxf4 31. Kh2 Bxf3 32. Nxf3 gxf3 33. d7 Ra8 34.
Qg3+ Ng6 35. c6 f4 36. Qxf3 1-0

[Event "Prva liga Centralne Srbije 2010"]
[Site "Valjevo"]
[Date "2010.09.20"]
[Round "3.3"]
[White "Nestorovic, Nikola"]
[Black "Ristic, Nebojsa M"]
[Result "0-1"]
[WhiteElo "2420"]
[BlackElo "2377"]
[PlyCount "120"]
[EventDate "2010.09.18"]

1. e4 c6 2. d4 d5 3. e5 Bf5 4. Nd2 e6 5. Nb3 Nd7 6. Nf3 Ne7 7. Be2 c5 8. Nxc5
Nxc5 9. dxc5 Qa5+ 10. c3 Qxc5 11. Qa4+ Nc6 12. Nd4 Qb6 13. Nxf5 exf5 14. O-O
Be7 15. Qc2 g6 16. Bh6 Bf8 17. Bxf8 Kxf8 18. Bf3 Nxe5 19. Bxd5 Kg7 20. Rfe1 Qc7
21. c4 Rhe8 22. Qc3 f6 23. h3 f4 24. Qd4 g5 25. h4 h6 26. h5 Re7 27. Re2 Rae8
28. Rae1 Qd7 29. Qxa7 f3 30. Rxe5 fxe5 31. Qb6 Qf5 32. gxf3 g4 33. Re3 Qxh5 34.
fxg4 Qg5 35. Rh3 e4 36. Qd4+ Kh7 37. Rg3 Qf4 38. Qe3 Rf8 39. Qxf4 Rxf4 40. a4
b6 41. b4 Ra7 42. a5 bxa5 43. b5 a4 44. b6 Ra5 45. b7 Rf8 46. Bxe4+ Kg7 47. Ra3
Rb8 48. f4 Kf6 49. Kf2 Ke7 50. Ke3 Kd6 51. Kd4 Kc7 52. c5 Rg8 53. Bf3 Rf8 54.
f5 h5 55. gxh5 Rxf5 56. c6 Rfb5 57. Re3 Rb4+ 58. Kd3 Rb3+ 59. Ke2 Rxe3+ 60.
Kxe3 a3 0-1

[Event "Prva liga Centralne Srbije 2010"]
[Site "Valjevo"]
[Date "2010.09.20"]
[Round "3.3"]
[White "Djokic, Nenad"]
[Black "Todorovic, Jovan"]
[Result "1-0"]
[WhiteElo "2374"]
[BlackElo "2417"]
[PlyCount "75"]
[EventDate "2010.09.18"]

1. d4 Nf6 2. Nf3 g6 3. c4 Bg7 4. Nc3 O-O 5. e4 d6 6. Be2 e5 7. Be3 h6 8. O-O
Ng4 9. Bc1 Nc6 10. d5 Ne7 11. Nd2 f5 12. Bxg4 fxg4 13. b4 g5 14. c5 Ng6 15. Nc4
Nh4 16. Be3 Rf6 17. cxd6 cxd6 18. Nb5 b6 19. a4 Qd7 20. Nxa7 Qxa7 21. Nxb6 Bd7
22. Nxa8 Qxa8 23. b5 Rf8 24. Qd3 Qe8 25. Rfb1 Qh5 26. b6 Nf3+ 27. gxf3 gxf3 28.
Kh1 Bh3 29. Rg1 Bg2+ 30. Rxg2 fxg2+ 31. Kg1 Rf3 32. Qd1 g4 33. b7 g3 34. b8=Q+
Kh7 35. fxg3 Rf1+ 36. Qxf1 gxf1=Q+ 37. Rxf1 Qe2 38. Qb3 1-0

[Event "Prva liga Centralne Srbije 2010"]
[Site "Valjevo"]
[Date "2010.09.20"]
[Round "3.3"]
[White "Stamenkovic, Dragan"]
[Black "Stankovic, Dragan P"]
[Result "1-0"]
[WhiteElo "2370"]
[BlackElo "2287"]
[PlyCount "33"]
[EventDate "2010.09.18"]

1. d4 Nf6 2. Bg5 Ne4 3. Bf4 d5 4. e3 Nd7 5. Bd3 Ndf6 6. f3 Nd6 7. Nd2 g6 8. e4
dxe4 9. fxe4 Bg4 10. Ngf3 Bg7 11. h3 Bd7 12. Bh2 Nc8 13. c4 O-O 14. O-O c6 15.
Qe1 Be8 16. Qe3 Nd7 17. e5 {Crni prekoracio dozvoljeno vreme za razmisljanje}
1-0

[Event "Prva liga Centralne Srbije 2010"]
[Site "Valjevo"]
[Date "2010.09.20"]
[Round "3.3"]
[White "Djoric, Dusan"]
[Black "Mihic, Bojan"]
[Result "1/2-1/2"]
[WhiteElo "2300"]
[BlackElo "2413"]
[PlyCount "120"]
[EventDate "2010.09.18"]

1. d4 e6 2. c4 d5 3. Nf3 Nf6 4. g3 Bb4+ 5. Bd2 Be7 6. Bg2 O-O 7. O-O b6 8. cxd5
exd5 9. Nc3 c6 10. Ne5 Bb7 11. Rc1 Nfd7 12. Nd3 Bf6 13. e3 Re8 14. b4 b5 15. a4
bxa4 16. Nxa4 Nb6 17. Ndc5 Bc8 18. Qb3 N8d7 19. Nxd7 Bxd7 20. Nxb6 Qxb6 21. Qa4
Red8 22. Ra1 Be8 23. Rfc1 Be7 24. Qa6 Rdb8 25. Qxb6 Rxb6 26. Rcb1 Rab8 27. Rxa7
Bxb4 28. Rxb4 Rxb4 29. Bxb4 Rxb4 30. Bh3 Kf8 31. Bd7 Bxd7 32. Rxd7 h5 33. Rc7
Rc4 34. h3 g6 35. g4 hxg4 36. hxg4 g5 37. Kg2 Kg7 38. Kg3 Rc3 39. Kg2 Kf6 40.
Kf1 Ke6 41. Rc8 f6 42. Ke1 Kd7 43. Ra8 Rc2 44. Ra7+ Kd6 45. Kf1 Ke6 46. Ra8 Kd6
47. Ra3 Ke6 48. Kg2 Kd6 49. Kg3 Rc1 50. f4 gxf4+ 51. Kxf4 Rf1+ 52. Kg3 Rg1+ 53.
Kf3 Rf1+ 54. Kg2 Rc1 55. Ra5 Re1 56. Kf2 Rc1 57. Ra8 Kd7 58. Rh8 Ke7 59. Rh7+
Ke6 60. Ke2 Rg1 1/2-1/2

[Event "Prva liga Centralne Srbije 2010"]
[Site "Valjevo"]
[Date "2010.09.20"]
[Round "3.3"]
[White "Nestorovic, Lazar"]
[Black "Obradovic, Blazimir"]
[Result "1/2-1/2"]
[WhiteElo "2335"]
[BlackElo "2194"]
[PlyCount "97"]
[EventDate "2010.09.18"]

1. e4 e6 2. d4 d5 3. Nc3 Bb4 4. e5 Ne7 5. a3 Bxc3+ 6. bxc3 b6 7. Qg4 Ng6 8. h4
h5 9. Qg3 Ba6 10. Bxa6 Nxa6 11. Nf3 Nb8 12. O-O Nc6 13. Bg5 Qd7 14. Rfe1 Nce7
15. Bxe7 Qxe7 16. Qh3 O-O-O 17. g3 Kb7 18. Qf1 c5 19. c4 cxd4 20. Nxd4 Qc5 21.
Nb5 Kb8 22. cxd5 Rxd5 23. c4 Rd2 24. Nd6 Nxe5 25. Ne4 Nf3+ 26. Kh1 Qc6 27. Nxd2
Nxe1+ 28. Kg1 Nf3+ 29. Nxf3 Qxf3 30. c5 Rc8 31. cxb6 axb6 32. Qb5 Kb7 33. Rb1
Rc6 34. a4 Rd6 35. a5 Rd1+ 36. Rxd1 Qxd1+ 37. Kh2 Qd4 38. Kg1 g6 39. axb6 Qxb6
40. Qd7+ Qc7 41. Qb5+ Ka7 42. Qb4 Ka6 43. Qb3 Qc1+ 44. Kh2 Qc5 45. Kg1 Qb5 46.
Qa3+ Kb6 47. Qd6+ Qc6 48. Qb8+ Qb7 49. Qd6+ 1/2-1/2

[Event "Prva liga Centralne Srbije 2010"]
[Site "Valjevo"]
[Date "2010.09.20"]
[Round "3.4"]
[White "Rusev, Krasimir"]
[Black "Dancevski, Orce"]
[Result "1-0"]
[WhiteElo "2524"]
[BlackElo "2402"]
[PlyCount "207"]
[EventDate "2010.09.18"]

1. d4 Nf6 2. c4 g6 3. Nc3 Bg7 4. e4 O-O 5. Nf3 d6 6. Be2 e5 7. Be3 Ng4 8. Bg5
f6 9. Bh4 Nc6 10. d5 Ne7 11. Nd2 Nh6 12. f3 f5 13. Qc2 Bf6 14. Bf2 Bg5 15. h4
Bxd2+ 16. Qxd2 f4 17. c5 Nf7 18. O-O-O Kg7 19. Kb1 Ng8 20. Rc1 Bd7 21. Qc2 Nf6
22. Qb3 b6 23. cxd6 cxd6 24. Ba6 Bc8 25. Bb5 Qe7 26. Bc6 Bb7 27. Bxb7 Qxb7 28.
Nb5 Rfc8 29. Rxc8 Qxc8 30. Rc1 Qb7 31. Rc7 Qb8 32. Qc3 Ne8 33. Qc6 Nxc7 34.
Nxc7 Qc8 35. Nxa8 Qa6 36. Qc1 Qd3+ 37. Ka1 Qe2 38. Qe1 Qc2 39. a3 Qc8 40. Nxb6
axb6 41. Qc3 Qa6 42. Ka2 Qf1 43. Bxb6 Qxg2 44. a4 g5 45. hxg5 Qe2 46. a5 Nxg5
47. Qc7+ Nf7 48. Qc8 h5 49. a6 Qb5 50. Ka3 Qxb6 51. Qb7 Qc5+ 52. Kb3 Qe3+ 53.
Ka2 Qd4 54. Ka3 Qc5+ 55. b4 Qc1+ 56. Ka4 Qa1+ 57. Kb5 Qf1+ 58. Ka5 Qa1+ 59. Kb6
Qg1+ 60. Ka5 h4 61. a7 h3 62. a8=Q h2 63. Qe8 Qg6 64. Qbe7 h1=Q 65. Q7f8+ Kh7
66. Qexf7+ Qxf7 67. Qxf7+ Kh8 68. Qf6+ Kh7 69. Qe7+ Kg8 70. Qe6+ Kh7 71. Qd7+
Kg8 72. Qg4+ Kf8 73. Kb6 Qd1 74. Kc7 Qd4 75. Qc8+ Kg7 76. Qb7 Qc3+ 77. Kxd6+
Kg6 78. Ke6 Qxf3 79. Qf7+ Kg5 80. Qg7+ Kh4 81. d6 Qxe4 82. d7 Qc4+ 83. Ke7
Qxb4+ 84. Ke8 Qb5 85. Qg2 e4 86. Qxe4 Kg3 87. Qg6+ Kh2 88. Qh7+ Kg3 89. Qg7+
Kh2 90. Qd4 f3 91. Qf2+ Kh1 92. Qxf3+ Kh2 93. Qf2+ Kh1 94. Qf6 Kg1 95. Qg7+ Kh1
96. Qf6 Qh5+ 97. Ke7 Qh7+ 98. Kd6 Qd3+ 99. Kc7 Qg3+ 100. Qd6 Qg7 101. Kb8 Qb2+
102. Kc8 Qc2+ 103. Qc7 Qf5 104. Kb8 1-0

[Event "Prva liga Centralne Srbije 2010"]
[Site "Valjevo"]
[Date "2010.09.20"]
[Round "3.4"]
[White "Dudukovic, Nikola"]
[Black "Radovanovic, Dusan"]
[Result "1-0"]
[WhiteElo "2237"]
[BlackElo "2387"]
[PlyCount "103"]
[EventDate "2010.09.18"]

1. c4 Nf6 2. Nc3 g6 3. g3 Bg7 4. Bg2 O-O 5. e3 d6 6. Nge2 e5 7. O-O c6 8. d3
Na6 9. Rb1 Nc7 10. b4 d5 11. b5 cxb5 12. Ba3 Re8 13. Nxb5 Nxb5 14. Rxb5 a6 15.
Rb2 Rb8 16. Nc3 Be6 17. cxd5 Nxd5 18. Ne4 b6 19. Rc2 h6 20. Rc6 Bf8 21. Bb2 Bg7
22. Qf3 Qe7 23. Nd6 Red8 24. Nc4 f6 25. Ba3 Qd7 26. Rd6 Qf7 27. d4 exd4 28.
exd4 b5 29. Re1 Nc7 30. Rxd8+ Rxd8 31. Nd6 Qd7 32. Qd3 f5 33. d5 Bf7 34. Nxf7
Qxf7 35. Re7 Rxd5 36. Bxd5 Qxd5 37. Qxd5+ Nxd5 38. Re8+ Kf7 39. Rb8 Bc3 40. Bc5
Ke6 41. Rb7 h5 42. a3 Ke5 43. Kf1 f4 44. Ke2 fxg3 45. hxg3 g5 46. Rh7 Nf6 47.
Ra7 Ne4 48. Be3 b4 49. axb4 Bxb4 50. Rxa6 Be7 51. Ra5+ Ke6 52. Kf3 1-0

[Event "Prva liga Centralne Srbije 2010"]
[Site "Valjevo"]
[Date "2010.09.20"]
[Round "3.4"]
[White "Radivojevic, Ivan"]
[Black "Djokic, Nebojsa"]
[Result "1-0"]
[WhiteElo "2361"]
[BlackElo "2198"]
[PlyCount "61"]
[EventDate "2010.09.18"]

1. e4 c5 2. Nc3 Nc6 3. g3 g6 4. Bg2 Bg7 5. d3 e6 6. Be3 d6 7. Qd2 Nd4 8. Nd1
Ne7 9. c3 Ndc6 10. Bh6 Bxh6 11. Qxh6 Ng8 12. Qd2 h5 13. Ne3 h4 14. O-O-O Qa5
15. Kb1 e5 16. f4 Be6 17. Nc4 Qc7 18. gxh4 exf4 19. Qxf4 Ne5 20. Nf3 f6 21. Qg3
Ne7 22. Ncxe5 dxe5 23. d4 cxd4 24. Nxd4 Bd7 25. Bh3 Bxh3 26. Nb5 Qc6 27. Nd6+
Kd7 28. Qxh3+ Kc7 29. Qe6 Nc8 30. Qf7+ Kb6 31. Qxf6 1-0

[Event "Prva liga Centralne Srbije 2010"]
[Site "Valjevo"]
[Date "2010.09.20"]
[Round "3.4"]
[White "Zivanovic, Nenad"]
[Black "Zivkovic, Ivan B"]
[Result "0-1"]
[WhiteElo "2187"]
[BlackElo "2327"]
[PlyCount "144"]
[EventDate "2010.09.18"]

1. e4 c5 2. Nc3 Nc6 3. g3 g6 4. Bg2 Bg7 5. d3 d6 6. f4 e5 7. Nf3 Nge7 8. O-O
O-O 9. fxe5 dxe5 10. Be3 Nd4 11. Qd2 Bg4 12. Nh4 Be6 13. Rf2 Qd7 14. b3 b5 15.
Raf1 Rad8 16. Nf3 f6 17. Ne1 c4 18. dxc4 bxc4 19. Na4 Qb5 20. Nc3 Qb4 21. Bxd4
exd4 22. Na4 Qb5 23. Kh1 Nc6 24. Nf3 d3 25. Nc3 Qh5 26. Nd5 Bxd5 27. exd5 Qxd5
28. Ne1 Qc5 29. cxd3 c3 30. Qf4 Ne5 31. b4 Qb6 32. Rc2 Rd4 33. Qe3 Ng4 34. Qe2
Qxb4 35. Nf3 Rd6 36. d4 f5 37. Rd1 Bxd4 38. Nxd4 Rxd4 39. Rdc1 Qb6 40. h3 Nf6
41. Rxc3 Ne4 42. Re3 Qe6 43. Re1 Re8 44. Kh2 Qd5 45. Qa6 Rd2 46. R1e2 Rxe2 47.
Rxe2 Qd4 48. Qb5 Re7 49. Qb8+ Kg7 50. Qf4 Qe5 51. Qxe5+ Rxe5 52. Kg1 Kf6 53.
Re3 Re7 54. Ra3 Ke5 55. Bf1 Rc7 56. Bb5 Rc1+ 57. Kg2 Rc2+ 58. Kg1 Rc3 59. Rxc3
Nxc3 60. Bc4 a5 61. Bg8 h6 62. Kf2 Ke4 63. Bh7 g5 64. g4 Nxa2 65. gxf5 Ke5 66.
f6 Kxf6 67. Ke3 Nb4 68. Kd4 a4 69. Kc3 a3 70. Kb3 a2 71. Kb2 Ke5 72. Bg6 Kf4
0-1

[Event "Prva liga Centralne Srbije 2010"]
[Site "Valjevo"]
[Date "2010.09.20"]
[Round "3.4"]
[White "Bojovic, Dusan"]
[Black "Ilic, Aleksandar"]
[Result "1-0"]
[WhiteElo "2342"]
[BlackElo "2144"]
[PlyCount "53"]
[EventDate "2010.09.18"]

1. e4 c5 2. Nf3 d6 3. d4 cxd4 4. Nxd4 Nf6 5. Nc3 a6 6. Be3 e5 7. Nb3 Be6 8. f3
Nbd7 9. Qd2 b5 10. Qf2 d5 11. exd5 Nxd5 12. Nxd5 Bxd5 13. O-O-O Be6 14. Nc5
Bxc5 15. Bxc5 Rc8 16. Bd6 Bxa2 17. Bd3 Qg5+ 18. Rd2 Rc6 19. f4 Qf6 20. Ba3 exf4
21. Qa7 Qd8 22. Be4 Rc7 23. Qxa6 Qb8 24. Qd6 Qd8 25. Re1 Be6 26. Bc6 Rxc6 27.
Qxc6 1-0

[Event "Prva liga Centralne Srbije 2010"]
[Site "Valjevo"]
[Date "2010.09.20"]
[Round "3.4"]
[White "Madjar, Stanislav"]
[Black "Kolarevic, Darko"]
[Result "1-0"]
[WhiteElo "2145"]
[BlackElo "2188"]
[PlyCount "105"]
[EventDate "2010.09.18"]

1. c4 Nf6 2. Nc3 g6 3. g3 Bg7 4. Bg2 O-O 5. Nf3 c5 6. d4 d6 7. O-O Nc6 8. dxc5
dxc5 9. Be3 Qa5 10. Qa4 Nd7 11. Qxa5 Nxa5 12. Nd2 Rb8 13. Rac1 b6 14. b3 Bb7
15. Nde4 Ne5 16. Nd5 Bxd5 17. cxd5 Nb7 18. Rfd1 Nd6 19. h3 h6 20. f4 Nd7 21.
Bf2 f5 22. Nd2 Nf6 23. Nc4 Rbd8 24. Ne5 Kh7 25. b4 cxb4 26. Nc6 Rd7 27. Nxb4
Nde4 28. Bxe4 Nxe4 29. Rd3 Rf6 30. Bd4 Rfd6 31. Be5 Nc5 32. Rdd1 a5 33. Bxd6
Rxd6 34. Nc6 e6 35. Ne5 exd5 36. Nc4 Re6 37. Nxb6 Ne4 38. Nxd5 Nxg3 39. Rc2
Nxe2+ 40. Kf2 Nd4 41. Rc7 Nb5 42. Rd7 g5 43. a4 Na3 44. Re1 Rxe1 45. Kxe1 Kg6
46. fxg5 hxg5 47. Ne7+ Kh5 48. Nxf5 Bc3+ 49. Ke2 Bb4 50. Kf3 Nc4 51. Rd4 Ne5+
52. Ke4 Nc6 53. Rc4 1-0

[Event "Prva liga Centralne Srbije 2010"]
[Site "Valjevo"]
[Date "2010.09.20"]
[Round "3.5"]
[White "Milanovic, Slavisa"]
[Black "Savicevic, Vlatko"]
[Result "1/2-1/2"]
[WhiteElo "2389"]
[BlackElo "2353"]
[PlyCount "33"]
[EventDate "2010.09.18"]

1. d4 d5 2. c4 e6 3. Nc3 Be7 4. Nf3 Nf6 5. Bf4 O-O 6. e3 c5 7. dxc5 Bxc5 8. a3
Nc6 9. b4 Bd6 10. Bxd6 Qxd6 11. cxd5 exd5 12. Be2 Rd8 13. Nb5 Qe7 14. Nbd4 Ne5
15. Nxe5 Qxe5 16. O-O Be6 17. Rc1 1/2-1/2

[Event "Prva liga Centralne Srbije 2010"]
[Site "Valjevo"]
[Date "2010.09.20"]
[Round "3.5"]
[White "Ivanovic, Dragutin"]
[Black "Adzic, Momcilo"]
[Result "1-0"]
[WhiteElo "2329"]
[BlackElo "2269"]
[PlyCount "75"]
[EventDate "2010.09.18"]

1. d4 d5 2. c4 c6 3. cxd5 cxd5 4. Nc3 Nf6 5. Bf4 a6 6. e3 e6 7. Bd3 Bd6 8. Bxd6
Qxd6 9. f4 b5 10. Nf3 Nbd7 11. O-O Bb7 12. Ne5 Rc8 13. a4 b4 14. Nb1 a5 15. Qe2
O-O 16. Nd2 Ra8 17. Nb3 Rfc8 18. Rfc1 Nb6 19. Rc5 Nc4 20. Bxc4 dxc4 21. Nxc4
Qd8 22. Ncxa5 Bd5 23. Nc4 Ne4 24. Rxc8 Rxc8 25. Rc1 Qe8 26. Nc5 Bxc4 27. Qxc4
Nxc5 28. dxc5 Qxa4 29. c6 h6 30. c7 Qa5 31. Qd4 Kh7 32. Qd3+ f5 33. Qd7 Qb6 34.
Kf2 Qb7 35. Rc6 b3 36. h3 Kh8 37. Rxe6 Rxc7 38. Qe8+ 1-0

[Event "Prva liga Centralne Srbije 2010"]
[Site "Valjevo"]
[Date "2010.09.20"]
[Round "3.5"]
[White "Rajevic, Gavrilo"]
[Black "Sorgic, Dragan"]
[Result "0-1"]
[WhiteElo "2286"]
[BlackElo "2289"]
[PlyCount "74"]
[EventDate "2010.09.18"]

1. e4 d6 2. d4 Nf6 3. Nc3 g6 4. f4 Bg7 5. Nf3 c5 6. Bb5+ Bd7 7. Bxd7+ Nbxd7 8.
d5 O-O 9. O-O c4 10. Qe2 Rc8 11. e5 dxe5 12. fxe5 Ng4 13. e6 Qb6+ 14. Kh1 fxe6
15. Qxe6+ Qxe6 16. dxe6 Nb6 17. h3 Nf6 18. Bg5 h6 19. Bh4 g5 20. Bf2 Nfd5 21.
Nxd5 Nxd5 22. Rad1 Rcd8 23. c3 Nf4 24. Bxa7 Nd3 25. Rb1 Ra8 26. Bd4 Rxa2 27.
Bxg7 Kxg7 28. b3 cxb3 29. Rxb3 Nc5 30. Rb5 Ne4 31. Kg1 Ng3 32. Re1 Ne2+ 33. Kh1
Rf6 34. Nd4 Ng3+ 35. Kh2 Nf1+ 36. Kh1 Rff2 37. Rxb7 Ng3+ 0-1